An ounce of prevention : child health politics under Medicaid /

Bibliographic Details
Main Author: Foltz, Anne-Marie
Format: Book
Language:English
Published: Cambridge, Mass. : MIT Press, [1982]
Series:MIT Press series in health and public policy ; 4.
Subjects:

MARC

Tag First Indicator Second Indicator Subfields
LEADER 00000pam a2200000 a 4500
001 in00000090295
005 20151008065700.0
008 820107s1982 mau b 00110 eng
010 |a  81023655  
020 |a 0262060825 
035 |a (OCoLC)08133424 
035 |9 AAK6385AM 
040 |a DLC  |c DLC  |d TXA  |d UtOrBLW 
043 |a n-us--- 
049 |a TXAM  |c [1117028] 
050 0 0 |a RJ102  |b .F55 1982 
060 0 |a W1 MI938 v. 4  |a WA 320 F671o 
082 0 |a 362.1/9892/000973  |2 19 
100 1 |a Foltz, Anne-Marie. 
245 1 3 |a An ounce of prevention :  |b child health politics under Medicaid /  |c Anne-Marie Foltz. 
264 1 |a Cambridge, Mass. :  |b MIT Press,  |c [1982] 
264 4 |c ©1982 
300 |a xiv, 254 pages ;  |c 24 cm. 
336 |a text  |b txt  |2 rdacontent 
337 |a unmediated  |b n  |2 rdamedia 
338 |a volume  |b nc  |2 rdacarrier 
490 1 |a MIT Press series in health and public policy ;  |v 4 
500 |a Includes index. 
504 |a Bibliography: pages [231]-247. 
610 0 |a Early and Periodic Screening, Diagnosis, and Treatment Program (U.S.) 
650 0 |a Child health services  |x Government policy  |z United States. 
650 2 |a Child Health Services  |z United States. 
650 2 |a Child Welfare  |z United States. 
650 2 |a Health Policy  |z United States. 
650 2 |a Medicaid. 
830 0 |a MIT Press series in health and public policy ;  |v 4. 
999 |a MARS 
999 f f |s d0a76417-1678-3d66-baf7-2196a0a92d6e  |i 034f3edd-692b-37d9-8f0a-5d4996445435  |t 0 
952 f f |p ric  |a Texas A&M University  |b Rellis Campus  |c Joint Library Facility  |d Remote Storage  |t 0  |e RJ102 .F55 1982  |h Library of Congress classification  |i unmediated -- volume  |m A14806002358 
998 f f |a RJ102 .F55 1982  |t 0  |l Remote Storage